00772nai a2200181Ia 4500003000900000008004100009022002200050022002300072040001600095245008800111260008600199310001400285362004000299521006900339650004700408650004400455856009100499IN-BaIIA211028c9999 xx s 000 0 eng d a0018-9421 (Print) a2375-0502 (Online) cIIA Library 0aIEEE Transactions on Industrial Electronics and Control Instrumentationh[eJournal] aNew York, USAbThe Institute of Electrical and Electronics Engineers, Inc. (IEEE) aQuarterly aIECI-11(1); 1964 - IECI-28(4); 1981 bSubscribed through National Knowledge Resource Consortium (NKRC) a Components, Circuits, Devices and Systems aPower, Energy and Industry Applications uhttps://ieeexplore.ieee.org/servlet/opac?punumber=11166yClick Here to Access eJournal